000 00644nam a22002057a 4500
005 20251108165357.0
008 250721s1997 xx 000 0 ara d
082 1 4 _a933/مقر
100 1 _aالمقريزي، تقي الدين أبو العباس أحمد بن...
245 1 0 _aتاريخ اليهود و أثارهم في مصر /
264 1 _aالقاهره :
_bدار الفضيلة،
_c1997.
300 _a175ص
650 1 7 _aاليهود
650 1 7 _aالتاريخ القديم
650 1 7 _aالتاريخ
650 1 7 _aمصر
700 1 _aدياب، عبد المجيد
_eتحقيق
942 _2ddc
_cBK
999 _c26446
_d26446